| 000 | 00636nam a22001817a 4500 | ||
|---|---|---|---|
| 999 |
_c166841 _d166841 |
||
| 010 | _aENG-126152 | ||
| 020 |
_a978-93-8676-193-4 _c995.00 |
||
| 035 | _aEN-109684 | ||
| 037 | _bDBAD/PUB | ||
| 082 | _a532.0535 | ||
| 100 | _aBabu,V. | ||
| 245 |
_aFundamentals of Incompressible Fluid Flow/ _cbyV.Babu |
||
| 260 |
_aNew Delhi _bAne Books Pvt.Ltd. |
||
| 270 |
_a4821,Parwana Bhawan,1st Floor24 Ansari Road, Darya Ganj _bNew Delhi _e110002 _k+91(011)23276843 _l+91(011)23276863 _mkapoor@anebooks.com |
||
| 300 |
_axiv207p. _c24cm(hb) |
||
| 500 | _ait includes index and bibliography | ||
| 942 |
_2ddc _cEN _h532.0535 _mBAB |
||